Francis Ford Coppola Oscar Nominations - Statistics

General Stats
  • This quiz has been taken 11 times
  • The average score is 5 of 7
Answer Stats
Release Year Movie % Correct
1979 Apocalypse Now
100%
1972 The Godfather
90%
1974 The Godfather Part II
90%
1990 The Godfather Part III
90%
1974 The Conversation
70%
1970 Patton
40%
1973 American Graffiti
20%
No matching quizzes found
Score Distribution
Percent of People with Each Score
Percentile by Number Answered
Your Score History
You have not taken this quiz